Statistiche per Top 15 dei paesi con decessi Covid-19 - 16 marzo 2022

Clicka qui per fare il quiz!

Statistiche generali

  • Questo quiz è stato fatto 9 volte
  • Il punteggio medio è 15 su 26

Statistiche sulle risposte

paese% Corretto
Italia
100%
Russia
100%
Brasile
89%
Francia
89%
Stati Uniti
89%
Argentina
78%
Germania
78%
Regno Unito
78%
Romania
78%
Bulgaria
67%
India
67%
Messico
67%
Slovenia
67%
Polonia
56%
Slovacchia
56%
Croazia
44%
Perù
44%
Ungheria
44%
Bosnia ed Erzegovina
33%
Colombia
33%
Iran
33%
Cechia
22%
Indonesia
22%
Lituania
22%
Georgia
11%
Macedonia del Nord
11%

Distribuzione punteggi

Percentile per numero di risposta

Percentuale di utenti per punteggio

I tuoi punteggi nel tempo

Non hai fatto questo quiz